| 000 | 00799cam a2200229 i 4500 | ||
|---|---|---|---|
| 005 | 20251108175101.0 | ||
| 008 | 250721s9999 ua gr 000 0 ara d | ||
| 020 | _a97737336312 | ||
| 082 | 1 | 4 |
_a155.25 _bف ق ي |
| 245 | 1 | 0 |
_a260 خطوة لتزيد ثقتك بنفسك / _cإعداد إبراهيم الفقيه. |
| 246 | 1 | 1 | _aself - confidence |
| 264 | 1 |
_aالقاهرة : _bالحرية للنشر والتوزيع، _c[بين 2000 و 2012]. |
|
| 300 | _a136 صفحة. | ||
| 650 | 1 | 7 | _aالشخصية. |
| 650 | 1 | 7 | _aتطوير الشخصية. |
| 650 | 1 | 7 | _aعلم النفس الفردي. |
| 650 | 1 | 7 | _aإحترام الذات. |
| 653 | _aالثقة بالنفس. | ||
| 700 | 1 |
_aالفقيه، إبراهيم _eمعد. |
|
| 942 |
_2ddc _cBK |
||
| 999 |
_c125767 _d125767 |
||